[Event "ICS rated blitz match"]
[Site "204.178.125.65"]
[Date "2001.01.04"]
[Round "?"]
[White "ChesterX"]
[Black "Hossa"]
[Result "1-0"]
[WhiteElo "2674"]
[BlackElo "2581"]
[PlyCount "119"]
[EventDate "2001.??.??"]

1. c4 e6 2. Nf3 Nf6 3. Nc3 d5 4. d4 Be7 5. Bf4 dxc4 6. e4 Bb4 7. Bg5 h6 8. Bxf6
Qxf6 9. Bxc4 O-O 10. O-O Nd7 11. a3 Be7 12. Qd3 Rd8 13. e5 Qf4 14. Ne2 Qf5 15.
Qxf5 exf5 16. e6 fxe6 17. Bxe6+ Kf8 18. Nf4 Nb6 19. Ng6+ Ke8 20. Rfe1 Bxe6 21.
Rxe6 Nc8 22. Rae1 Rd7 23. d5 f4 24. Nfh4 a5 25. Nf5 Ra6 26. Nxg7+ Kf7 27. Ne5+
Kxg7 28. Nxd7 Rxe6 29. dxe6 Nd6 30. g3 fxg3 31. hxg3 Kg6 32. Ne5+ Kg7 33. g4
Bg5 34. Nd3 Bf6 35. f4 c5 36. Ne5 b5 37. Rd1 Bxe5 38. fxe5 Ne8 39. Rf1 b4 40.
axb4 cxb4 41. e7 a4 42. Rf8 Nc7 43. Kg2 a3 44. bxa3 bxa3 45. Rc8 Ne8 46. Rxe8
Kf7 47. Ra8 Kxe7 48. e6 Kd6 49. e7 Kxe7 50. Rxa3 Kf6 51. Re3 Kf7 52. Kg3 Kf6
53. Kh4 Kg6 54. Rf3 Kh7 55. Kh5 Kg7 56. g5 Kh7 57. gxh6 Kh8 58. Rf7 Kg8 59. Kg6
Kh8 60. Rf8# {Hossa checkmated} 1-0

[Event "ICS rated blitz match"]
[Site "204.178.125.65"]
[Date "2001.01.04"]
[Round "?"]
[White "Hossa"]
[Black "ChesterX"]
[Result "0-1"]
[WhiteElo "2569"]
[BlackElo "2686"]
[PlyCount "106"]
[EventDate "2001.??.??"]

1. e4 c5 2. Nf3 d6 3. d4 cxd4 4. Nxd4 Nf6 5. Nc3 a6 6. Be2 e5 7. Nb3 Be7 8. O-O
O-O 9. Be3 Be6 10. Nd5 Nbd7 11. Qd3 Bxd5 12. exd5 Nc5 13. Nxc5 dxc5 14. c4 e4
15. Qc2 Qc7 16. g3 Rfe8 17. Rfe1 Bd6 18. Bg5 Qd7 19. Bf1 Qg4 20. Bxf6 gxf6 21.
Qb3 Re7 22. Be2 Qf5 23. Qb6 Rd7 24. Bd1 Qe5 25. Bc2 f5 26. Rad1 Re7 27. f3 e3
28. f4 Qf6 29. Rd3 Kg7 30. Kh1 Re4 31. Re2 Rxc4 32. Qxb7 Re8 33. Rd1 Rd4 34.
Rb1 Rd2 35. Qxa6 Qd4 36. Rxd2 exd2 37. Qf1 Qxd5+ 38. Kg1 c4 39. h3 Bb4 40. a3
Ba5 41. b4 cxb3 42. Bxb3 Qd4+ 43. Kg2 Re1 44. Bc2 Qd5+ 45. Kh2 Rxf1 46. Rxf1
Qc4 47. Rf2 Qxc2 48. h4 Bb6 49. h5 Bxf2 50. a4 d1=Q 51. h6+ Kxh6 52. Kg2 Bd4+
53. Kh3 Qg4# {Hossa checkmated} 0-1

[Event "ICS rated blitz match"]
[Site "204.178.125.65"]
[Date "2001.01.04"]
[Round "?"]
[White "Hossa"]
[Black "Foe-hammer"]
[Result "0-1"]
[WhiteElo "2558"]
[BlackElo "2899"]
[PlyCount "102"]
[EventDate "2001.??.??"]

1. e4 c5 2. Nf3 Nc6 3. d4 cxd4 4. Nxd4 Nf6 5. Nc3 e5 6. Ndb5 d6 7. Nd5 Nxd5 8.
exd5 Nb8 9. Be3 a6 10. Nc3 Nd7 11. Bd3 b6 12. O-O Nc5 13. f4 g6 14. Bxc5 bxc5
15. fxe5 dxe5 16. Qe2 f6 17. Qf2 f5 18. Rae1 Bd6 19. Ne4 O-O 20. Nxd6 Qxd6 21.
c4 e4 22. Bc2 Bd7 23. Re3 a5 24. Bd1 Qe5 25. Rb3 Rfb8 26. Rxb8+ Rxb8 27. Qxc5
Rxb2 28. Qxa5 Be8 29. Qa8 e3 30. Bf3 e2 31. Bxe2 Rxe2 32. h3 Qe4 33. Rf3 Re1+
34. Kh2 Qe5+ 35. Rg3 Re3 36. Qxe8+ Qxe8 37. Rxe3 Qxe3 38. d6 Qf4+ 39. Kh1 Qxd6
40. h4 Kf7 41. h5 Qd1+ 42. Kh2 Qxh5+ 43. Kg1 Qe2 44. c5 Qxa2 45. Kh2 Qf2 46. c6
f4 47. c7 f3 48. Kh3 Qxg2+ 49. Kh4 g5+ 50. Kh5 Qg3 51. c8=Q Qh4# {
Hossa checkmated} 0-1

[Event "ICS rated blitz match"]
[Site "204.178.125.65"]
[Date "2001.01.04"]
[Round "?"]
[White "Hossa"]
[Black "PostModernist"]
[Result "0-1"]
[WhiteElo "2554"]
[BlackElo "2605"]
[PlyCount "88"]
[EventDate "2001.??.??"]

1. d4 Nf6 2. Nf3 g6 3. Nc3 d5 4. e3 Bg7 5. Bd3 O-O 6. O-O Nc6 7. a3 Bg4 8. h3
Bxf3 9. Qxf3 e5 10. dxe5 Nxe5 11. Qf4 Nh5 12. Qb4 Nxd3 13. cxd3 b6 14. Qb5 c5
15. Bd2 Qd6 16. Qb3 Nf6 17. Qc2 d4 18. Ne2 dxe3 19. fxe3 Rfe8 20. e4 Rad8 21.
Bg5 Qe5 22. Bh4 Rd7 23. Bg3 Qe7 24. Bh4 Qd6 25. Rf2 Nh5 26. g4 g5 27. Bxg5 Ng3
28. Kg2 Nxe2 29. Qxe2 Qxd3 30. Re1 Qb3 31. Bf6 Bxf6 32. Rxf6 Rd4 33. Rf4 Rd3
34. Qf2 Red8 35. Re2 R8d7 36. h4 Rh3 37. Rf5 Rdd3 38. Rg5+ Kf8 39. Qf5 Rdg3+
40. Kf2 Rg2+ 41. Ke1 Rh1+ 42. Qf1 Rxf1+ 43. Kxf1 Qf3+ 44. Ke1 Qxe2# {
Hossa checkmated} 0-1

[Event "ICS rated blitz match"]
[Site "204.178.125.65"]
[Date "2001.01.04"]
[Round "?"]
[White "PostModernist"]
[Black "Hossa"]
[Result "1-0"]
[WhiteElo "2619"]
[BlackElo "2540"]
[PlyCount "121"]
[EventDate "2001.??.??"]

1. d4 Nf6 2. c4 c5 3. Nf3 g6 4. Nc3 cxd4 5. Nxd4 Bg7 6. g3 O-O 7. Bg2 d6 8. O-O
Na6 9. b3 Re8 10. Re1 Ng4 11. Bb2 Rf8 12. e3 Ne5 13. f4 Ng4 14. Bf3 Nf6 15. g4
Re8 16. g5 Nd7 17. a3 e5 18. Ndb5 exf4 19. exf4 Rxe1+ 20. Qxe1 Nac5 21. b4 Nd3
22. Qd2 Nxb2 23. Qxb2 Qb6+ 24. Qf2 a6 25. Re1 axb5 26. Re8+ Bf8 27. Nxb5 Kg7
28. Nd4 Rb8 29. Bg4 Qc7 30. Qb2 Ne5 31. fxe5 dxe5 32. Nb5 Qb6+ 33. Kf1 Bxg4 34.
Qxe5+ f6 35. Qxf6+ Qxf6+ 36. gxf6+ Kf7 37. Rxb8 Bf5 38. c5 h5 39. Nd6+ Bxd6 40.
Rxb7+ Kxf6 41. cxd6 Ke6 42. Rb6 Bc2 43. Ke2 Ba4 44. b5 g5 45. Kd3 g4 46. Kc4 h4
47. Kc5 g3 48. hxg3 hxg3 49. Rb7 Kf6 50. Rb8 g2 51. Rg8 Bb3 52. d7 Bxg8 53.
d8=Q+ Kf7 54. Qd5+ Ke7 55. Qxg8 Kf6 56. Qxg2 Ke5 57. b6 Kf5 58. b7 Kf6 59. b8=Q
Kf7 60. Qbg8+ Ke7 61. Q2g7# {Hossa checkmated} 1-0

[Event "ICS rated blitz match"]
[Site "204.178.125.65"]
[Date "2001.01.04"]
[Round "?"]
[White "Hossa"]
[Black "PostModernist"]
[Result "0-1"]
[WhiteElo "2528"]
[BlackElo "2631"]
[PlyCount "190"]
[EventDate "2001.??.??"]

1. e4 e6 2. d4 d5 3. e5 Nc6 4. Nf3 Bb4+ 5. c3 Ba5 6. Bd3 Nge7 7. O-O h6 8. Nbd2
Bb6 9. Nb3 a5 10. Be3 O-O 11. Qc2 Nf5 12. Bf4 a4 13. Nc1 Bd7 14. Ne2 Re8 15.
Ng3 Nce7 16. Nxf5 Nxf5 17. Rfd1 Qe7 18. Qe2 a3 19. b3 Rad8 20. Qd2 Ba7 21. Qc2
Bb6 22. Qc1 c6 23. Bd2 Bc7 24. Rf1 b6 25. b4 Ra8 26. Ne1 Ra7 27. g4 Nh4 28.
Bxh6 gxh6 29. Qxh6 Ng6 30. Nf3 Qf8 31. Qh5 Qg7 32. Qg5 Bd8 33. Qe3 Qh7 34. Nd2
Qh4 35. Qg3 Qxg3+ 36. fxg3 Bg5 37. Nf3 Be7 38. h4 Nf8 39. Rf2 c5 40. bxc5 bxc5
41. Rb1 Rc7 42. h5 cxd4 43. cxd4 Rc3 44. Ba6 Ra8 45. Bf1 Rac8 46. h6 Kh7 47. g5
Kg8 48. Rb7 Rc1 49. Kg2 R8c3 50. Bb5 Bxb5 51. Rxe7 Rf1 52. Rxf1 Bxf1+ 53. Kxf1
Rxf3+ 54. Ke2 Rxg3 55. Re8 Rxg5 56. h7+ Kxh7 57. Rxf8 Kg7 58. Ra8 Rg2+ 59. Kd3
f5 60. Ra6 Rxa2 61. Rxe6 f4 62. Re7+ Kf8 63. Ra7 f3 64. Ra8+ Kg7 65. Ra7+ Kg6
66. Ra6+ Kg5 67. Ra8 f2 68. Rf8 Rb2 69. Kc3 Re2 70. Kd3 a2 71. Kxe2 a1=Q 72.
Rg8+ Kf5 73. Rf8+ Ke4 74. Rxf2 Kxd4 75. e6 Qa6+ 76. Kd1 Qa4+ 77. Ke1 Qb4+ 78.
Ke2 Qb5+ 79. Kf3 Qd3+ 80. Kg4 Qg6+ 81. Kf4 Qxe6 82. Rb2 Qe5+ 83. Kf3 Kc3 84.
Rb7 d4 85. Ra7 d3 86. Ra3+ Kb4 87. Ra6 d2 88. Rb6+ Kc5 89. Rb1 Qf5+ 90. Ke3
Qxb1 91. Kxd2 Qe4 92. Kc3 Qe2 93. Kb3 Qd2 94. Ka3 Kc4 95. Ka4 Qb4# {
Hossa checkmated} 0-1

[Event "ICS rated standard match"]
[Site "204.178.125.65"]
[Date "2001.01.04"]
[Round "?"]
[White "kantin"]
[Black "Hossa"]
[Result "1-0"]
[WhiteElo "2503"]
[BlackElo "2325"]
[PlyCount "153"]
[EventDate "2001.??.??"]

1. d4 Nf6 2. c4 d6 3. Nc3 g6 4. e4 Bg7 5. Nf3 O-O 6. Be2 e5 7. dxe5 dxe5 8.
Qxd8 Rxd8 9. Bg5 Re8 10. Nd5 Nxd5 11. cxd5 f6 12. Bh4 Rf8 13. Rc1 Rf7 14. Bc4
Bh6 15. Rd1 g5 16. Bg3 Rg7 17. h3 Kh8 18. Be2 Kg8 19. Nd2 Na6 20. Rc1 Rb8 21.
b3 Rf7 22. Bxa6 bxa6 23. Rc2 a5 24. Rc4 Bf8 25. h4 gxh4 26. Rxh4 Bb4 27. Rc2 a4
28. bxa4 Ba5 29. Kd1 a6 30. Nb3 Bb4 31. Ke2 Re7 32. Ke3 f5 33. exf5 Bxf5 34.
Rc6 Bc8 35. Nc5 Rb6 36. Nd3 Rxc6 37. dxc6 Ba5 38. Rh5 Bc3 39. Nxe5 Rg7 40. Kd3
Bb4 41. Kc4 Bd2 42. Kd5 Bc3 43. Nd3 Bg4 44. Rh1 Be2 45. Ke4 Re7+ 46. Ne5 a5 47.
Rc1 Bb4 48. Bh4 Re8 49. f4 Ba3 50. Rb1 Bc5 51. Rb7 Bb6 52. f5 Bc4 53. a3 Bf1
54. g4 Bg2+ 55. Kf4 h6 56. f6 Bd5 57. Kf5 Bb3 58. Bg3 Kh7 59. f7 Rf8 60. Kf6
Bxf7 61. Nd7 Bd4+ 62. Ke7 Kg8 63. Nxf8 Bc5+ 64. Kf6 Bxf8 65. Rb8 Bd5 66. Bd6
cxd6 67. g5 hxg5 68. c7 Kh7 69. c8=Q Bg7+ 70. Kxg5 Bh6+ 71. Kg4 Kg7 72. Kf5
Be4+ 73. Kxe4 Kf6 74. Qf5+ Kg7 75. Rb7+ Kg8 76. Qg6+ Kf8 77. Qf7# {
Hossa checkmated} 1-0

[Event "ICS rated standard match"]
[Site "204.178.125.65"]
[Date "2001.01.04"]
[Round "?"]
[White "Hossa"]
[Black "BrazilianMaster"]
[Result "0-1"]
[WhiteElo "2317"]
[BlackElo "2606"]
[PlyCount "114"]
[EventDate "2001.??.??"]

1. d4 d5 2. Nf3 Nc6 3. g3 Bg4 4. Bg2 Qd7 5. h3 Bf5 6. Nh4 Be4 7. f3 Bg6 8. O-O
e6 9. Nxg6 hxg6 10. c3 Nf6 11. f4 Bd6 12. Nd2 Ne7 13. Qe1 c5 14. e4 dxe4 15.
Nxe4 Nxe4 16. Qxe4 cxd4 17. cxd4 Rd8 18. Qxb7 Qxb7 19. Bxb7 Rxh3 20. Kg2 Rh6
21. b3 Nf5 22. d5 exd5 23. Bxd5 Bc5 24. Re1+ Kd7 25. Bxf7 Kc7 26. g4 Nh4+ 27.
Kf1 Nf3 28. Be3 Bxe3 29. Rxe3 Rd2 30. Re7+ Kb6 31. Re6+ Ka5 32. Re2 Rh1+ 33.
Kf2 Rxa1 34. Kxf3 Rf1+ 35. Kg2 Rxe2+ 36. Kxf1 Re4 37. f5 gxf5 38. gxf5 Rf4+ 39.
Kg2 Rxf5 40. Be6 Re5 41. Bg8 Kb4 42. Kf3 Ka3 43. b4 Rb5 44. Be6 Rxb4 45. Ke3 a5
46. Bf7 Rb2 47. Kd4 g5 48. Ke5 g4 49. Ke4 g3 50. Bd5 g2 51. Kf3 g1=Q 52. Be6
Rf2+ 53. Ke4 Qe1+ 54. Kd4 Rd2+ 55. Kc4 Qxe6+ 56. Kc3 Qd6 57. Kc4 Qc6# {
Hossa checkmated} 0-1

[Event "ICS rated standard match"]
[Site "204.178.125.65"]
[Date "2001.01.04"]
[Round "?"]
[White "BrazilianMaster"]
[Black "Hossa"]
[Result "1-0"]
[WhiteElo "2611"]
[BlackElo "2312"]
[PlyCount "99"]
[EventDate "2001.??.??"]

1. c4 c5 2. Nc3 Nf6 3. Nf3 d5 4. cxd5 Nxd5 5. g3 g6 6. Bg2 Bg7 7. O-O O-O 8.
Qb3 Nb6 9. d3 Be6 10. Qa3 Na6 11. Ng5 Bc8 12. Be3 Bd4 13. Rac1 f6 14. Nge4 Bxe3
15. fxe3 c4 16. d4 f5 17. Nc5 Nxc5 18. dxc5 Nd7 19. c6 bxc6 20. Bxc6 Rb8 21.
Rfd1 a5 22. Rd2 Rf6 23. Bb5 Kh8 24. Bxd7 Rb7 25. Bxc8 Qxd2 26. Bxb7 Qxc1+ 27.
Kf2 Re6 28. Qc5 Kg7 29. Bd5 Re5 30. Qd4 Kf6 31. Bg8 Qxe3+ 32. Qxe3 Rxe3 33.
Kxe3 h6 34. Kd4 Kg7 35. Bxc4 Kf6 36. Kc5 Kg5 37. b4 axb4 38. Kxb4 Kg4 39. a4 e5
40. Bf7 f4 41. Be6+ Kh5 42. a5 g5 43. a6 Kg6 44. Ne4 f3 45. exf3 h5 46. a7 h4
47. a8=Q g4 48. Qh8 hxg3 49. Qf6+ Kh7 50. Ng5# {Hossa checkmated} 1-0

[Event "ICS rated standard match"]
[Site "204.178.125.65"]
[Date "2001.01.04"]
[Round "?"]
[White "Hossa"]
[Black "BrazilianMaster"]
[Result "0-1"]
[WhiteElo "2307"]
[BlackElo "2616"]
[PlyCount "124"]
[EventDate "2001.??.??"]

1. c4 c5 2. Nc3 Nf6 3. Nf3 Nc6 4. d4 cxd4 5. Nxd4 e6 6. a3 Be7 7. e3 d5 8. cxd5
exd5 9. Bb5 Bd7 10. Nf3 a6 11. Bd3 Bg4 12. O-O O-O 13. b3 d4 14. exd4 Nxd4 15.
Bxh7+ Nxh7 16. Qxd4 Bxf3 17. Qxd8 Raxd8 18. gxf3 Bf6 19. Bb2 Rd2 20. Rab1 Rxb2
21. Rxb2 Bxc3 22. Rc2 Be5 23. Kg2 Nf6 24. Re1 Bd6 25. b4 Re8 26. Rxe8+ Nxe8 27.
Rd2 Kf8 28. Rd4 Ke7 29. Re4+ Kd7 30. Rg4 Be5 31. Re4 Bb2 32. a4 Nd6 33. Re3 Kc6
34. Rb3 Be5 35. Rd3 Nc4 36. f4 Bd6 37. Rb3 b5 38. a5 Kd5 39. Rg3 g6 40. Rb3 Kd4
41. h4 Bxf4 42. Rf3 Ke4 43. Rh3 Bd6 44. Rf3 Bxb4 45. Rxf7 Bxa5 46. Ra7 b4 47.
h5 gxh5 48. Rd7 b3 49. Rb7 Bb6 50. Re7+ Kd3 51. Re1 b2 52. Rb1 a5 53. Rxb2 Nxb2
54. f4 Ke4 55. f5 Kxf5 56. Kf3 a4 57. Ke2 a3 58. Ke1 a2 59. Kd2 Bd4 60. Ke2
a1=Q 61. Kf3 Qh1+ 62. Ke2 Qd1# {Hossa checkmated} 0-1

[Event "ICS rated standard match"]
[Site "204.178.125.65"]
[Date "2001.01.04"]
[Round "?"]
[White "BrazilianMaster"]
[Black "Hossa"]
[Result "1-0"]
[WhiteElo "2621"]
[BlackElo "2302"]
[PlyCount "101"]
[EventDate "2001.??.??"]

1. d4 d5 2. c4 e6 3. Nc3 c5 4. cxd5 exd5 5. Nf3 Nc6 6. g3 Be7 7. dxc5 d4 8. Na4
Bxc5 9. Nxc5 Qa5+ 10. Nd2 Qxc5 11. Bg2 Nf6 12. Nb3 Qb6 13. Bg5 Be6 14. Bxf6
gxf6 15. O-O O-O 16. Qd2 Bxb3 17. axb3 Rfe8 18. Ra4 Qxb3 19. Bxc6 bxc6 20. Rxd4
Qe6 21. e3 c5 22. Rd6 Qf5 23. Rd1 Re5 24. Rd7 Qf3 25. Qc2 a5 26. R1d6 Rf5 27.
Rd2 Re8 28. Qc4 Rf8 29. Ra7 Kg7 30. e4 Re5 31. Rdd7 Qh5 32. f3 Kg8 33. Qc3 c4
34. Rac7 Qh3 35. Qxc4 Rh5 36. Qc2 Re5 37. Qd2 Qh5 38. Qc3 Qh3 39. g4 Qh4 40.
Kg2 h5 41. Rxf7 hxg4 42. Rxf8+ Kxf8 43. Qa3+ Ke8 44. Qa4+ Kf8 45. Qd7 gxf3+ 46.
Kf1 Qe1+ 47. Kxe1 Rxe4+ 48. Kf1 Re1+ 49. Kxe1 f2+ 50. Kxf2 Kg8 51. Qd8# {
Hossa checkmated} 1-0

[Event "ICS rated blitz match"]
[Site "204.178.125.65"]
[Date "2001.01.04"]
[Round "?"]
[White "parnenzinij"]
[Black "Hossa"]
[Result "1-0"]
[WhiteElo "2003"]
[BlackElo "2517"]
[PlyCount "133"]
[EventDate "2001.??.??"]

1. e4 e5 2. Nf3 Nf6 3. Nxe5 d6 4. Nf3 Nxe4 5. d4 d5 6. Bd3 Be7 7. O-O Nc6 8. c3
O-O 9. Re1 Bf5 10. Bf4 Re8 11. Qc2 Bd6 12. Bxd6 Qxd6 13. Nbd2 Qf4 14. Re2 Nxd2
15. Qxd2 Qxd2 16. Rxd2 Bxd3 17. Rxd3 Re2 18. Rd2 Re4 19. Re1 Rxe1+ 20. Nxe1 Re8
21. Kf1 b6 22. Nd3 Kf8 23. Re2 Re4 24. f3 Re7 25. Kf2 g5 26. f4 h6 27. g3 Rxe2+
28. Kxe2 Ke7 29. Kf3 Kf6 30. Kg4 gxf4 31. Kxf4 Kg7 32. Ne5 Ne7 33. Nd3 c6 34.
Ke5 f5 35. Kd6 Kf6 36. Nb4 c5 37. Nxd5+ Nxd5 38. Kxd5 cxd4 39. cxd4 h5 40. Kc6
Ke7 41. d5 Kd8 42. Kb7 Kd7 43. Kxa7 b5 44. Kb6 Kd6 45. Kxb5 Kxd5 46. a4 Kd6 47.
a5 Kc7 48. Kc5 Kb7 49. b4 Ka7 50. Kd5 Ka8 51. Ke5 Kb7 52. Kxf5 Ka6 53. Kg5 Kb5
54. Kxh5 Kc6 55. g4 Kd5 56. g5 Kc6 57. g6 Kd5 58. g7 Kc6 59. g8=Q Kd6 60. Qg5
Ke6 61. Qc5 Kd7 62. Kg6 Ke6 63. a6 Kd7 64. Kf6 Kd8 65. Qa7 Kc8 66. Ke6 Kd8 67.
Qd7# {Hossa checkmated} 1-0

[Event "ICS rated blitz match"]
[Site "204.178.125.65"]
[Date "2001.01.04"]
[Round "?"]
[White "parnenzinij"]
[Black "Hossa"]
[Result "0-1"]
[WhiteElo "2031"]
[BlackElo "2487"]
[PlyCount "32"]
[EventDate "2001.??.??"]

1. e4 c5 2. Nc3 Nc6 3. g3 g6 4. Bg2 Bg7 5. d3 e6 6. Be3 d6 7. Qd2 Nf6 8. h3 O-O
9. Nge2 Ne8 10. O-O f5 11. exf5 Rxf5 12. d4 cxd4 13. Nxd4 Nxd4 14. Bxd4 Bxd4
15. Qd3 Qb6 16. Ne4 d5 {parnenzinij resigns} 0-1

[Event "ICS rated blitz match"]
[Site "204.178.125.65"]
[Date "2001.01.04"]
[Round "?"]
[White "Hossa"]
[Black "parnenzinij"]
[Result "1-0"]
[WhiteElo "2489"]
[BlackElo "2029"]
[PlyCount "83"]
[EventDate "2001.??.??"]

1. c4 Nf6 2. g3 d5 3. Bg2 c6 4. cxd5 cxd5 5. Nf3 Nc6 6. d4 e6 7. O-O Be7 8. Nc3
O-O 9. Bf4 a6 10. Rc1 Bd7 11. Qd3 b5 12. Ng5 h6 13. Nf3 Qb6 14. Nb1 Rac8 15.
Qd1 Ne4 16. Nc3 Nxc3 17. Rxc3 Na5 18. Ne5 Qb7 19. Qd3 Rxc3 20. Qxc3 Nc4 21.
Nxc4 bxc4 22. Qc2 Qb6 23. Rd1 Rc8 24. Bf3 a5 25. Bg2 a4 26. Qc1 Qa5 27. Bd2 Qb5
28. Bc3 Ra8 29. Qc2 a3 30. bxa3 Rxa3 31. Ra1 Qa4 32. Qb2 Qb5 33. Qd2 Qa6 34.
Kh1 Ba4 35. Qb2 Bb5 36. Kg1 Qa4 37. Bf3 g6 38. Bd2 Kg7 39. h4 Bc6 40. Qb8 Qb5
41. Bxh6+ Kf6 42. Qf4# {parnenzinij checkmated} 1-0

[Event "ICS rated blitz match"]
[Site "204.178.125.65"]
[Date "2001.01.04"]
[Round "?"]
[White "Hossa"]
[Black "parnenzinij"]
[Result "1-0"]
[WhiteElo "2491"]
[BlackElo "2017"]
[PlyCount "21"]
[EventDate "2001.??.??"]

1. d4 Nf6 2. Nf3 d5 3. c4 dxc4 4. Ne5 c5 5. Qa4+ Nbd7 6. dxc5 e6 7. c6 bxc6 8.
Qxc6 Qa5+ 9. Nc3 Rb8 10. Nxc4 Qh5 11. Bf4 {parnenzinij resigns} 1-0

[Event "ICS rated blitz match"]
[Site "204.178.125.65"]
[Date "2001.01.04"]
[Round "?"]
[White "parnenzinij"]
[Black "Hossa"]
[Result "0-1"]
[WhiteElo "2015"]
[BlackElo "2493"]
[PlyCount "60"]
[EventDate "2001.??.??"]

1. e4 e5 2. Nf3 Nc6 3. Bb5 a6 4. Bxc6 dxc6 5. O-O f6 6. d4 exd4 7. Nxd4 c5 8.
Nb3 Qxd1 9. Rxd1 Bg4 10. f3 Be6 11. Be3 b6 12. Nc3 Bd6 13. Nd5 O-O-O 14. c4 Ne7
15. Rd2 Kb8 16. Rad1 Rhe8 17. Nc1 Nxd5 18. cxd5 Bd7 19. Ne2 f5 20. Nc3 Be5 21.
Bg5 Rc8 22. Re1 h6 23. Bh4 Kb7 24. h3 g5 25. Bf2 Re7 26. g4 fxg4 27. hxg4 Rf8
28. Kg2 Ref7 29. Rd3 c4 30. Rde3 Bxg4 {parnenzinij resigns} 0-1

[Event "ICS rated blitz match"]
[Site "204.178.125.65"]
[Date "2001.01.04"]
[Round "?"]
[White "Hossa"]
[Black "parnenzinij"]
[Result "1-0"]
[WhiteElo "2495"]
[BlackElo "2013"]
[PlyCount "135"]
[EventDate "2001.??.??"]

1. c4 Nf6 2. g3 d5 3. Bg2 c6 4. cxd5 cxd5 5. Nf3 Nc6 6. d4 e6 7. O-O Bd6 8. Nc3
O-O 9. Nb5 Bb8 10. Bg5 a6 11. Nc3 h6 12. Bd2 b5 13. Rc1 Bb7 14. Qc2 Bd6 15. a3
Qb6 16. Qd3 Rac8 17. b4 Rc7 18. Be3 Rfc8 19. Nd2 Ne7 20. Nb3 Nf5 21. Nc5 Bxc5
22. bxc5 Qc6 23. Bf4 Rd7 24. Bh3 Nd6 25. Bxd6 Rxd6 26. cxd6 Qxd6 27. Ra1 Rc4
28. Qd2 Qc7 29. Rfc1 Bc8 30. e3 Kf8 31. Bf1 Rc6 32. f3 Ke7 33. e4 Bb7 34. e5
Nd7 35. Bd3 Nb6 36. f4 Nc4 37. Qe2 Qb6 38. Qf2 Kf8 39. g4 Rc8 40. Ra2 Kg8 41.
g5 hxg5 42. fxg5 Qc7 43. Qh4 g6 44. Qh6 Qe7 45. a4 b4 46. Nd1 Qf8 47. Rf2 Qg7
48. Rf6 Qxh6 49. gxh6 Rc7 50. Ne3 Bc8 51. Nxc4 dxc4 52. Rxc4 Rxc4 53. Bxc4 a5
54. h7+ Kxh7 55. Rxf7+ Kh6 56. Rc7 Ba6 57. Bxa6 Kg5 58. Re7 Kf5 59. Bd3+ Kf4
60. Rf7+ Ke3 61. d5 Kxd3 62. d6 b3 63. d7 b2 64. d8=Q+ Kc2 65. Qc8+ Kb3 66.
Rb7+ Ka2 67. Qc2 Ka3 68. Qb3# {parnenzinij checkmated} 1-0

[Event "ICS rated blitz match"]
[Site "204.178.125.65"]
[Date "2001.01.04"]
[Round "?"]
[White "parnenzinij"]
[Black "Hossa"]
[Result "0-1"]
[WhiteElo "1997"]
[BlackElo "2497"]
[PlyCount "34"]
[EventDate "2001.??.??"]

1. e4 e5 2. Nf3 Nc6 3. Bb5 a6 4. Bxc6 dxc6 5. O-O f6 6. d4 exd4 7. Nxd4 c5 8.
Nb3 Qxd1 9. Rxd1 Bg4 10. f3 Be6 11. Be3 b6 12. Nc3 Bd6 13. Nd5 O-O-O 14. c4 Ne7
15. g3 Nc6 16. Rd2 Ne5 17. Rc1 Nxf3+ {parnenzinij resigns} 0-1

[Event "ICS rated blitz match"]
[Site "204.178.125.65"]
[Date "2001.01.04"]
[Round "?"]
[White "Blindman"]
[Black "Hossa"]
[Result "0-1"]
[WhiteElo "1957"]
[BlackElo "2503"]
[PlyCount "56"]
[EventDate "2001.??.??"]

1. Nf3 c5 2. Ng1 Nc6 3. Nf3 d5 4. g3 Nf6 5. Bg2 e5 6. O-O e4 7. Ne1 Bd6 8. d3
Bf5 9. dxe4 dxe4 10. Nc3 Be5 11. Bg5 Bxc3 12. bxc3 h6 13. Qxd8+ Rxd8 14. Bxf6
gxf6 15. f3 e3 16. Nd3 b6 17. f4 Na5 18. Rad1 Nc4 19. h3 Nd2 20. Rfe1 Bd7 21.
g4 h5 22. Bf3 Rg8 23. Kh2 hxg4 24. hxg4 Bxg4 25. Rg1 Rh8+ 26. Kg3 Bxf3 27. exf3
Rg8+ 28. Kh2 Nxf3+ {Blindman resigns} 0-1

[Event "ICS rated blitz match"]
[Site "204.178.125.65"]
[Date "2001.01.04"]
[Round "?"]
[White "Hossa"]
[Black "ChesterX"]
[Result "1/2-1/2"]
[WhiteElo "2504"]
[BlackElo "2626"]
[PlyCount "83"]
[EventDate "2001.??.??"]

1. c4 e5 2. Nc3 Nf6 3. Nf3 Nc6 4. a3 d5 5. cxd5 Nxd5 6. e4 Nxc3 7. bxc3 Qf6 8.
d4 exd4 9. cxd4 Bg4 10. e5 Bxf3 11. gxf3 Qe6 12. Be3 O-O-O 13. f4 Nxd4 14. Bxd4
c5 15. Qf3 Rxd4 16. Rb1 Rd7 17. Bg2 g5 18. Rxb7 g4 19. Qe4 Qa6 20. Rxd7 Kxd7
21. h3 gxh3 22. Rxh3 Be7 23. Rb3 Rd8 24. Qb7+ Qxb7 25. Rxb7+ Ke8 26. Bc6+ Kf8
27. Rxa7 h5 28. a4 c4 29. Bf3 h4 30. Ke2 Rc8 31. Bg4 Rc5 32. Kd1 Rd5+ 33. Kc2
Rd4 34. f3 Rxf4 35. a5 h3 36. Bxh3 Rxf3 37. Bc8 Bb4 38. a6 Rf2+ 39. Kc1 Rf1+
40. Kc2 Rf2+ 41. Kc1 Rf1+ 42. Kc2 {Game drawn by mutual agreement} 1/2-1/2

[Event "ICS rated blitz match"]
[Site "204.178.125.65"]
[Date "2001.01.04"]
[Round "?"]
[White "PostModernist"]
[Black "Hossa"]
[Result "1-0"]
[WhiteElo "2629"]
[BlackElo "2509"]
[PlyCount "199"]
[EventDate "2001.??.??"]

1. e4 c5 2. c3 Nf6 3. e5 Nd5 4. d4 cxd4 5. Nf3 Nc6 6. Bc4 Nb6 7. Bb3 d5 8. exd6
Qxd6 9. Na3 Bg4 10. Nb5 Qd7 11. cxd4 e6 12. O-O Be7 13. Be3 O-O 14. a4 Nd5 15.
Qe2 Rac8 16. h3 Bf5 17. Rad1 Bb4 18. Nh4 Be4 19. Bh6 Nf6 20. Bg5 Bd5 21. Bxf6
Bxb3 22. Qg4 g6 23. d5 Bxd5 24. Nxa7 Rb8 25. Qf4 Be7 26. Nxc6 bxc6 27. Bc3 f6
28. Qe3 Bd6 29. a5 Bc4 30. Rfe1 Qc7 31. g3 e5 32. Nf3 Bb3 33. Rc1 Qd7 34. g4
Rf7 35. Nd2 Bd5 36. Ne4 Bxe4 37. Qxe4 f5 38. gxf5 Rxf5 39. Re3 Rf4 40. Qg2 Rf7
41. Rd1 Qc7 42. Qe4 Rbf8 43. Qc4 Qe7 44. Rd2 Qg5+ 45. Kh1 Bc7 46. Rd7 Bb8 47.
Bb4 Qf5 48. Red3 e4 49. Rd8 Rxd8 50. Rxd8+ Kg7 51. Qb3 Bf4 52. Bc3+ Kh6 53. Bd4
Bg5 54. Re8 e3 55. Rxe3 Bxe3 56. Qxe3+ Kh5 57. a6 Qd5+ 58. Kg1 Rf3 59. Qe2 Kh6
60. a7 Rf8 61. Be3+ Kg7 62. Qa6 c5 63. Qa5 Rc8 64. b4 Qf3 65. bxc5 h5 66. Qa1+
Kh7 67. Qa5 Qd1+ 68. Kh2 Qd5 69. Qb6 Qe5+ 70. Kg1 Qd5 71. c6 Qd1+ 72. Kh2 Qd6+
73. Kg2 Qd5+ 74. Kg3 Qe5+ 75. f4 Qe4 76. Kf2 Qc2+ 77. Kf3 Qd1+ 78. Kg3 Qe1+ 79.
Bf2 Qc3+ 80. Kg2 Kh6 81. Qb7 Qh8 82. Bh4 g5 83. fxg5+ Kg6 84. Qb1+ Kg7 85. Qb2+
Kf7 86. Qb3+ Kg7 87. Qc3+ Kh7 88. Qd3+ Kg8 89. Qg6+ Kf8 90. Qd6+ Kg7 91. Qf6+
Kg8 92. Qe6+ Kg7 93. Be1 Qd8 94. Bc3+ Kf8 95. Qf5+ Ke7 96. Qf6+ Ke8 97. Qg6+
Kf8 98. Bg7+ Kg8 99. Bh6+ Kh8 100. Qg7# {Hossa checkmated} 1-0

[Event "ICS rated standard match"]
[Site "204.178.125.65"]
[Date "2001.01.04"]
[Round "?"]
[White "stutsar"]
[Black "Hossa"]
[Result "1/2-1/2"]
[WhiteElo "2002"]
[BlackElo "2308"]
[PlyCount "84"]
[EventDate "2001.??.??"]

1. d4 d5 2. e3 Nf6 3. Bd3 c5 4. c3 Bg4 5. Nf3 e6 6. Nbd2 c4 7. Bc2 Bd6 8. O-O
Qc7 9. h3 Bh5 10. Re1 Nbd7 11. e4 dxe4 12. Nxe4 Nxe4 13. Bxe4 O-O 14. Bxh7+
Kxh7 15. Ng5+ Kg8 16. Qxh5 Bh2+ 17. Kh1 Nf6 18. Qh4 Bd6 19. Ne4 Nxe4 20. Rxe4
Be7 21. Qh5 Rfe8 22. Bg5 Bxg5 23. Qxg5 Qe7 24. Qxe7 Rxe7 25. d5 Rd8 26. Rd1
Red7 27. Rxc4 Rxd5 28. Rxd5 Rxd5 29. Rd4 Rxd4 30. cxd4 Kf8 31. Kh2 Ke7 32. Kg3
Kd6 33. Kf4 Kd5 34. Ke3 b5 35. b3 a6 36. f4 f6 37. h4 f5 38. h5 b4 39. g3 Kc6
40. Kd3 Kd5 41. Ke3 Kc6 42. Kd3 Kd5 {Game drawn by mutual agreement} 1/2-1/2